Normal view
MARC view
Entry Geographic Name
001 - CONTROL NUMBER
- control field: 6297
003 - CONTROL NUMBER IDENTIFIER
- control field: ARRUPE
005 - DATE AND TIME OF LATEST TRANSACTION
- control field: 20131220140148.0
008 - FIXED-LENGTH DATA ELEMENTS
- fixed length control field: 131220|| aca||aabn | a|a d
040 ## - CATALOGING SOURCE
- Original cataloging agency: ARRUPE
- Transcribing agency: ARRUPE
151 ## - HEADING--GEOGRAPHIC NAME
- Geographic name: Africa
- General subdivision: Politics and government
- Chronological subdivision: 1960-.
670 ## - SOURCE DATA FOUND
- Source citation: Work cat.: (ARRUPE)0: Mackay, Peter. 6294, We have tomorrow :, 2008.